000 00417nam a2200169Ia 4500
003 GCL
008 140319s9999 xx 000 0 eng d
040 _aGCL /
_cGCL
082 0 4 _a843
_bD N
100 1 _aDIDEROT
245 1 0 _aLE NEVEU DE RAMEAU SATIRES /
_cDIDEROT
260 _a[S.N] :
_bLE LIVRE DE POCHE ،
_c1984
300 _a414 P
650 0 4 _aLITERATURE
650 0 4 _aFRENCH LITERATURE
942 _2ddc
_cBK
999 _c22530
_d22530